|
|
|
|
| LEADER |
01024nab a2200217 i 4500 |
| 001 |
acta8835 |
| 005 |
20240503143549.0 |
| 008 |
161015s2006 hu o 000 hun d |
| 022 |
|
|
|a 1586-0116
|
| 040 |
|
|
|a SZTE Egyetemi Kiadványok Repozitórium
|b hun
|
| 041 |
|
|
|a hun
|
| 100 |
1 |
|
|a Bargeld Blixa
|
| 245 |
1 |
0 |
|a Kollapszus = Kollaps ; Örményország = Armenia ; Háború a városokban, ébredj Berlin = Krieg in den Stádten, Steh auf Berlin ; Debilek tánca = Tanz Debil ; Ég a lelkem = Seele Brennt ; O. T. páciens rajzai = Die Zeichnungen des Patienten O. T. ; Félember = Halber
|h [elektronikus dokumentum] :
|b [dalszövegek] /
|c Bargeld Blixa
|
| 260 |
|
|
|a JABE a Hallgatókért Kiadói Alapítvány
|b Szeged
|c 2006
|
| 300 |
|
|
|a 149-157
|
| 490 |
0 |
|
|a Fosszília
|
| 650 |
|
4 |
|a Bölcsészettudományok
|
| 650 |
|
4 |
|a Nyelvek és irodalom
|
| 695 |
|
|
|a Német irodalom - vers, Német irodalom - dalszöveg
|
| 700 |
0 |
1 |
|a Fenyvesi Áron
|
| 856 |
4 |
0 |
|u http://acta.bibl.u-szeged.hu/8835/1/fosszilia_2006_2_149-157.pdf
|z Dokumentum-elérés
|